[Event "FIDE World Cup 2017"]
[Site "Tbilisi"]
[Date "2017.09.03"]
[Round "1.1"]
[White "Xiong, Jeffery"]
[Black "Motylev, Alexander"]
[Result "1/2-1/2"]
[WhiteElo "2633"]
[BlackElo "2668"]
[Annotator "TA"]
[PlyCount "29"]
[EventDate "2017.??.??"]
[EventType "k.o."]
[EventCountry "GEO"]
[SourceTitle "playchess.com"]
[Source "ChessBase"]
[SourceQuality "1"]

{[%evp 11,29,7,25,20,21,20,24,13,24,16,13,13,14,0,0,0,7,0,0,0]} 1. d4 d5 2. c4 c6 3. Nf3 Nf6 4. Qb3 a6 (4... dxc4 5. Qxc4 Bg4 6. Nbd2 Nbd7 7. g3 e6 8. Bg2 Be7 9. Qb3 Qb6 10. O-O O-O 11. Nc4 Qa6 12. Bg5 h6 13. Bxf6 Bxf6 14. e3 {½-½ (43) Kozul,Z (2617)-Mamedov,R (2689) Minsk 2017}) 5. Bf4 dxc4 6. Qxc4 {D11: Slav Defence: 3 Nf3 sidelines and 3...Nf6 4 e3 Bg4} b5 {LiveBook: 8 Games} 7. Qb3 e6 8. a4 Be7 $146 ({Predecessor:} 8... Bb7 9. Nbd2 Be7 10. e3 O-O 11. Be2 Nbd7 12. O-O Qb6 {1-0 (44) Sulypa,A (2479)-Mohammad,S (2320) Antalya 2006}) 9. e3 {[%cal Ra4b5]} Bb7 10. Be2 O-O {The position is equal.} 11. O-O Nbd7 12. Rd1 c5 13. axb5 axb5 14. Rxa8 Qxa8 15. Qxb5 1/2-1/2

[Event "FIDE World Cup 2017"]
[Site "Tbilisi"]
[Date "2017.09.03"]
[Round "1.1"]
[White "Nguyen, Ngoc Truong Son"]
[Black "Adhiban, B."]
[Result "1/2-1/2"]
[WhiteElo "2629"]
[BlackElo "2670"]
[Annotator "TA"]
[PlyCount "29"]
[EventDate "2017.??.??"]
[EventType "k.o."]
[EventCountry "GEO"]
[SourceTitle "playchess.com"]
[Source "ChessBase"]
[SourceQuality "1"]

{[%evp 13,29,37,41,27,25,33,50,30,34,5,12,10,13,7,68,0,5,0]} 1. Nf3 d5 2. d4 e6 3. c4 c6 4. e3 Bd6 5. b3 f5 6. Bd3 Nf6 7. O-O O-O 8. Ba3 {A84: Dutch Defence: 2 c4 Miscellaneous} b6 (8... Bxa3 9. Nxa3 Qe7 10. Qc1 Ne4 11. Nc2 b6 12. Ne5 Bb7 13. Qa3 c5 14. f3 Nf6 15. cxd5 Nxd5 16. dxc5 bxc5 17. Bc4 {½-½ (85) Kortschnoj,V (2566)-Tseshkovsky,V (2554) Dresden 2010}) 9. Qc1 a5 $146 ({Predecessor:} 9... Bb7 10. Bxd6 Qxd6 11. Qa3 Qxa3 12. Nxa3 Na6 13. cxd5 cxd5 14. Bxa6 Bxa6 15. Rfc1 Rac8 16. Ng5 Rfe8 17. f3 h6 18. Nh3 Kf7 19. Nc2 Bb7 20. Nb4 {½-½ (50) Kagan,N (2260)-Mora Manez,J (2080) Elista 1998}) 10. Nbd2 {White is slightly better.} Ba6 11. Ne5 c5 12. Ndf3 Nbd7 13. Rd1 Rc8 (13... Bb7 $11) 14. Nxd7 (14. cxd5 $14 Bxd3 15. dxe6) 14... Qxd7 $11 15. dxc5 1/2-1/2

[Event "FIDE World Cup 2017"]
[Site "Tbilisi"]
[Date "2017.09.03"]
[Round "1.1"]
[White "Bok, Benjamin"]
[Black "Artemiev, Vladislav"]
[Result "0-1"]
[WhiteElo "2620"]
[BlackElo "2692"]
[Annotator "TA"]
[PlyCount "120"]
[EventDate "2017.??.??"]
[EventType "k.o."]
[EventCountry "GEO"]
[SourceTitle "playchess.com"]
[Source "ChessBase"]
[SourceQuality "1"]

{[%evp 22,120,12,13,15,3,10,22,10,17,11,8,12,8,14,10,17,0,0,-6,-6,-38,-16,-35,-22,-45,-45,-74,-29,-104,-47,-64,-77,-82,-80,-170,-164,-165,-70,-52,-6,-10,-6,-6,-16,-13,-6,-106,-95,-183,-176,-265,-242,-338,-338,-338,-338,-338,-338,-338,-338,-338,-338,-338,-336,-324,-325,-333,-339,-329,-226,-342,-338,-328,-327,-345,-338,-306,-300,-307,-300,-377,-371,-330,-257,-362,-328,-403,-387,-711,-677,-579,-547,-1045,-1045,-866,-831,-4134,-2949,-988,-987]} 1. e4 c5 2. Nf3 e6 3. d4 cxd4 4. Nxd4 Nc6 5. Nc3 a6 6. Nxc6 bxc6 7. Bd3 Qc7 8. O-O Nf6 9. Qe2 d5 10. b3 {B46: Sicilian: Taimanov: 5 Nc3 a6} Bb7 (10... Be7 11. Bb2 O-O 12. Rae1 Bb7 13. Kh1 Rfe8 14. f4 g6 15. e5 Nd7 16. f5 exf5 17. Bxf5 Bf8 18. Bxd7 Qxd7 19. Na4 Qc7 {½-½ (36) Kryvoruchko,Y (2702)-Rublevsky,S (2689) Novi Sad 2016}) 11. Bb2 Bd6 12. Kh1 {LiveBook: 4 Games. The position is equal.} e5 13. f4 {[#] exd5 is the strong threat.} d4 14. Na4 O-O 15. c3 c5 16. Rac1 Qe7 17. Nb6 Rad8 18. Nc4 Rfe8 19. cxd4 cxd4 $146 20. f5 Bb4 21. Bb1 Qd7 {aiming for ...d3.} 22. Rfd1 Qc7 23. Qf3 a5 24. a3 Bf8 25. Qe2 (25. g4 $11) 25... h5 (25... Ba6 $17) 26. Bd3 Ba6 27. Re1 Rb8 28. Nxe5 (28. Qd1 $17) 28... Qxe5 $19 29. Bxa6 Bd6 (29... Nxe4 30. Qxh5 Rxb3 31. Bc4 $11) ({Stronger than} 29... Qxe4 30. Qd2 $11) ({Black should play} 29... Rxb3 $19 {Strongly threatening ...Ng4.} 30. Bc4 Rb7) 30. g3 $15 h4 31. Rcd1 $1 hxg3 {[%cal Rf6e4]} 32. Bxd4 Qxe4+ 33. Qxe4 Nxe4 34. Bc4 (34. Bd3 $11 Nf2+ 35. Bxf2 gxf2 36. Rxe8+ Rxe8 37. Kg2) 34... gxh2 $17 {Hoping for ...Ng3+.} 35. Kg2 {[#]} (35. Ba7 $17 {keeps fighting.} Rb7 36. Rxe4 Rxe4 37. Bd5 Rxa7 38. Bxe4 Bxa3 39. Kxh2) 35... Ng3 $1 $19 ({Resist} 35... Bxa3 36. Kxh2 Nd6 37. Rxe8+ Rxe8 38. Bd3 $17) 36. Rxe8+ (36. a4 {might work better.}) 36... Rxe8 37. Kxh2 Nxf5+ 38. Kg2 Nxd4 ({Weaker is} 38... Bxa3 39. Bb6 $17) 39. Rxd4 Bxa3 {[%mdl 4096] Endgame KRB-KRB} 40. Rd7 Re7 41. Rd8+ Kh7 42. Kf3 g6 43. Ra8 Bb4 44. Rd8 Kg7 45. Kf4 Kf6 46. Ra8 (46. Bb5 {is a better defense.}) 46... Bd2+ 47. Kf3 Kg5 48. Ra6 f5 49. Rd6 Bb4 50. Ra6 Rd7 51. Ra8 Kf6 52. Re8 Rd6 53. Rg8 (53. Rf8+ $142 Kg5 54. Ra8) 53... Rd4 54. Ra8 g5 {[%cal Bg6g5,Bg5g4][%mdl 32]} 55. Ra6+ $2 (55. Ke3 Re4+ 56. Kd3) 55... Rd6 {Black is clearly winning.} 56. Ra8 g4+ 57. Kg3 Rd2 {( -> ...Bd6+)} 58. Kf4 Rd4+ 59. Ke3 Bc5 60. Ke2 f4 {Precision: White = 27%, Black = 76%.} 0-1

[Event "FIDE World Cup 2017"]
[Site "Tbilisi"]
[Date "2017.09.03"]
[Round "1.1"]
[White "Sevian, Samuel"]
[Black "Nisipeanu, Liviu-Dieter"]
[Result "1/2-1/2"]
[WhiteElo "2610"]
[BlackElo "2674"]
[Annotator "TA"]
[PlyCount "42"]
[EventDate "2017.??.??"]
[EventType "k.o."]
[EventCountry "GEO"]
[SourceTitle "playchess.com"]
[Source "ChessBase"]
[SourceQuality "1"]

{[%evp 22,42,43,41,35,8,13,1,13,13,13,0,19,13,27,13,22,0,0,-4,0,0,0]} 1. e4 e5 2. Nf3 Nf6 3. Nxe5 d6 4. Nf3 Nxe4 5. d4 d5 6. Bd3 Be7 7. O-O Bf5 8. Re1 O-O 9. c4 Nc6 10. cxd5 {C42: Petroff Defence: 3 Nxe5 and unusual White 3rd moves} Qxd5 11. Nc3 Nxc3 12. bxc3 {LiveBook: 14 Games. White is slightly better.} Rae8 13. Rb1 $146 {[#] Hoping for Rb5.} ({Predecessor:} 13. h3 Bxd3 14. Qxd3 Bd6 15. Rxe8 Rxe8 16. c4 Qe4 17. Qxe4 Rxe4 {½-½ (37) Ivanchuk,V (2729)-Yu,Y (2753) Danzhou 2017}) 13... Bxd3 $1 14. Qxd3 b6 15. c4 Qd7 16. d5 Bf6 17. Bf4 Na5 18. h3 Nb7 {The position is equal.} 19. Nh2 Be7 20. Ng4 Bd6 21. Bxd6 Qxd6 {Precision: White = 38%, Black = 54%.} 1/2-1/2

[Event "FIDE World Cup 2017"]
[Site "Tbilisi"]
[Date "2017.09.03"]
[Round "1.1"]
[White "Hovhannisyan, Robert"]
[Black "Rodshtein, Maxim"]
[Result "1/2-1/2"]
[WhiteElo "2594"]
[BlackElo "2695"]
[Annotator "TA"]
[PlyCount "45"]
[EventDate "2017.??.??"]
[EventType "k.o."]
[EventCountry "GEO"]
[SourceTitle "playchess.com"]
[Source "ChessBase"]
[SourceQuality "1"]

{[%evp 18,45,39,11,19,23,15,18,18,10,28,13,14,11,10,0,35,30,20,17,15,-2,-7,-5,-5,-18,-19,-22,-14,-28]} 1. e4 e5 2. Nf3 Nc6 3. Bb5 Nf6 4. O-O Nxe4 5. Re1 Nd6 6. Bf1 Be7 7. Nxe5 Nf5 {C67: Ruy Lopez: Berlin Defence: 4 0-0 Nxe4} 8. Nf3 O-O 9. d4 d5 10. Nc3 {[%cal Bb1c3,Bc3e2,Be2f4][%mdl 32] LiveBook: 8 Games} Nh4 11. Nxh4 Bxh4 12. Be3 $146 ({Predecessor:} 12. Bf4 a6 13. Qd2 Bf6 14. Ne2 h6 15. c3 {0-1 (51) Caruana,F (2787)-Nakamura,H (2793) Saint Louis 2015}) 12... Bf5 13. Qf3 Be6 14. Ne2 Nb4 {[%cal Bc6b4,Bb4a6,Ba6c7][%mdl 32]} 15. Rec1 Qd7 16. g3 Be7 17. a3 Bg4 18. Qh1 {The position is equal.} Na6 19. Nf4 c6 20. h3 Bf5 21. g4 Bg6 22. c4 {[%cal Rc4d5]} Nc7 23. cxd5 {Precision: White = 49%, Black = 73%.} 1/2-1/2

[Event "FIDE World Cup 2017"]
[Site "Tbilisi"]
[Date "2017.09.03"]
[Round "1.1"]
[White "Pantsulaia, Levan"]
[Black "Duda, Jan-Krzysztof"]
[Result "0-1"]
[WhiteElo "2593"]
[BlackElo "2698"]
[Annotator "TA"]
[PlyCount "128"]
[EventDate "2017.??.??"]
[EventType "k.o."]
[EventCountry "GEO"]
[SourceTitle "playchess.com"]
[Source "ChessBase"]
[SourceQuality "1"]

{[%evp 21,128,0,27,4,14,16,19,20,45,25,36,0,0,0,0,0,0,0,0,0,27,27,42,-56,-54,-55,-58,-60,-58,-75,-75,-68,-54,-95,-78,-72,-62,-152,-100,-137,-138,-131,-131,-130,-124,-119,-115,-145,-137,-143,-133,-148,-140,-143,-132,-146,-144,-197,-162,-180,-171,-179,-156,-188,-185,-168,-150,-292,-285,-300,-293,-314,-315,-307,-304,-313,-302,-310,-299,-299,-302,-293,-309,-303,-295,-301,-263,-369,-357,-352,-385,-639,-616,-658,-632,-912,-814,-623,-377,-377,-377,-377,-376,-4698,-3587,-5616,-5616,-5414,-5023]} 1. c4 Nf6 2. Nf3 g6 3. g3 Bg7 4. Bg2 O-O 5. O-O c6 6. d4 d5 7. b3 dxc4 8. bxc4 c5 9. Bb2 cxd4 10. Nxd4 Qb6 11. Qb3 {A49: 1 d4 Nf6 2 Nf3 g6 3 g3: Anti-King's Indian systems} (11. Qc1 Bd7 12. Nd2 Nc6 13. Nc2 Rac8 14. Rb1 Qa6 15. Bc3 b6 16. Ne3 Rfd8 17. Qb2 Be6 18. Nd5 Ne8 19. Bxg7 Nxg7 {0-1 (56) Giri,A (2785)-So,W (2815) chess.com INT 2017}) 11... Na6 {[%cal Bb8a6,Ba6c5,Bc5a4][%mdl 32] LiveBook: 9 Games} 12. e3 Rd8 13. Nc3 {The position is equal.} Nc5 14. Qa3 Bd7 $146 ({Predecessor:} 14... e5 15. Nb3 Bf8 16. Na4 Nxa4 17. Qxa4 Re8 18. Rac1 Bd7 {1-0 (43) Bindrich,F (2532)-Kislik,E (2370) Budapest 2010}) 15. Rab1 Rac8 16. Nd5 (16. Bc1 $5 {[%cal Rb1b6]} Qa6 17. Qxa6 bxa6 18. Ba3 $14) 16... Nxd5 17. cxd5 Na4 18. Ba1 Qc5 $36 {[%mdl 2048] Black is pushing.} 19. Qxc5 Nxc5 20. Bb2 Kf8 21. Ba3 b6 22. Rfc1 ({White should try} 22. Nc6 $14 Bxc6 23. dxc6) 22... Bxd4 $1 $15 23. exd4 Nb7 $1 24. Bf1 Bf5 25. Rxc8 Rxc8 26. Re1 Nd6 27. Bb4 Rc2 28. a4 Rb2 29. Ba3 (29. Bxd6 $1 $15 exd6 30. Bb5) 29... Ra2 (29... Rd2 $142 30. Bc1 Rxd4 31. Bh6+ Ke8) 30. Bc1 {[#]} f6 $1 ({Much worse is} 30... Rxa4 $6 31. Bh6+ Ke8 32. Bg5 $11) 31. Bb5 Nxb5 32. axb5 $17 {[%mdl 4096] Endgame KRB-KRB} g5 33. h4 h6 34. Re3 Ra1 35. Rc3 Be4 36. d6 exd6 37. Kf1 Bf5 38. Kg2 Ke7 39. Ba3 (39. Kf3 $17 {is a better defense.}) 39... Kd7 40. f3 Ra2+ 41. Kg1 Rc2 42. Re3 gxh4 43. gxh4 Rd2 44. Bb4 (44. h5 $17) 44... Rb2 $19 ({Resist} 44... Rxd4 45. Bc3 $19) 45. Bc3 Rxb5 46. d5 Rxd5 47. Bxf6 Be6 48. Kf2 a5 49. Ra3 h5 50. Ke3 Rb5 51. Bd4 Kc6 52. Rc3+ Kb7 53. Bf6 Rc5 54. Rd3 (54. Bd4 $142) 54... Kc6 55. Be7 Bd5 56. f4 $2 (56. Ra3) 56... b5 {[%cal Bb6b5,Bb5b4,Bb4b3,Bb3b2][%mdl 32]} 57. f5 b4 58. f6 {If only White now had time for Rxd5!...} Kd7 59. Bf8 Ke6 {[#] White must now prevent ...b3.} 60. f7 {Strongly threatening Bxd6!} Rc7 61. Bxd6 Rxf7 62. Bg3 $2 (62. Bc5) 62... b3 {Black is clearly winning.} 63. Kd2 b2 64. Re3+ Kf5 {Precision: White = 39%, Black = 74%.} 0-1

[Event "FIDE World Cup 2017"]
[Site "Tbilisi"]
[Date "2017.09.03"]
[Round "1.1"]
[White "Sengupta, Deep"]
[Black "Wang, Hao"]
[Result "1/2-1/2"]
[WhiteElo "2589"]
[BlackElo "2701"]
[Annotator "TA"]
[PlyCount "68"]
[EventDate "2017.??.??"]
[EventType "k.o."]
[EventCountry "GEO"]
[SourceTitle "playchess.com"]
[Source "ChessBase"]
[SourceQuality "1"]

{[%evp 18,68,29,34,35,33,29,25,31,29,17,25,28,25,38,32,44,38,43,22,26,14,45,0,0,0,0,0,0,0,0,-20,0,0,0,0,0,0,0,0,0,0,0,10,30,25,26,26,24,25,29,21,31]} 1. e4 e5 2. Nf3 Nc6 3. Bc4 Bc5 4. d3 Nf6 5. O-O O-O 6. a4 {C50: Hungarian Defence and Giuoco Pianissimo} a5 7. Bg5 h6 8. Bh4 Be7 9. Bg3 d6 10. h3 {LiveBook: 4 Games} g6 $146 ({Predecessor:} 10... Nd7 11. Re1 Kh8 12. c3 Nb6 13. Bb3 f5 14. exf5 Bxf5 {½-½ (25) Caruana,F (2808)-Aronian,L (2793) Stavanger 2017}) 11. c3 Nh5 12. Bh2 Bg5 13. Na3 Bf4 14. d4 Bxh2+ 15. Kxh2 Qe7 16. Re1 Kg7 17. Bf1 b6 18. Nc4 Ba6 19. Qd2 Nf6 20. Qe3 (20. d5 $5 {[%cal Rd5c6]} Nb8 21. b4 $11) 20... exd4 21. Nxd4 Ne5 22. Qg3 {[#] aiming for Nf5+.} Kh7 23. Nd2 Bxf1 24. Rxf1 Nh5 25. Qe3 Qh4 26. Kg1 Qf4 27. Qe2 c5 (27... Qg5 {seems wilder.} 28. N2f3 Qe7 29. g3 Rae8 30. Rfe1 Qd7) 28. N4f3 Nxf3+ 29. Nxf3 Rfe8 30. Rfe1 Nf6 {[%cal Rf4e4]} (30... d5 $5) 31. Qd2 Qxd2 32. Nxd2 Re6 33. Re3 Rae8 {[%cal Rf6e4]} 34. Rae1 Kg7 {Precision: White = 77%, Black = 82%.} 1/2-1/2

[Event "FIDE World Cup 2017"]
[Site "Tbilisi"]
[Date "2017.09.03"]
[Round "1.1"]
[White "Tari, Aryan"]
[Black "Howell, David W L"]
[Result "1/2-1/2"]
[WhiteElo "2588"]
[BlackElo "2701"]
[Annotator "TA"]
[PlyCount "57"]
[EventDate "2017.??.??"]
[EventType "k.o."]
[EventCountry "GEO"]
[SourceTitle "playchess.com"]
[Source "ChessBase"]
[SourceQuality "1"]

{[%evp 20,57,27,29,37,37,29,32,53,44,45,51,70,61,60,56,56,36,48,48,40,9,5,0,0,0,0,0,33,28,14,0,19,16,16,16,28,8,18,16]} 1. e4 e5 2. Nf3 {[%cal Bg1f3,Bf3d4,Bd4b3][%mdl 32]} Nc6 3. d4 exd4 4. Nxd4 Bc5 5. Nb3 Bb6 6. Nc3 Nf6 7. Qe2 {C45: Scotch Game} O-O 8. Bg5 Nd4 9. Qd2 Nxb3 10. axb3 h6 11. Be3 {LiveBook: 7 Games} c6 $146 ({Predecessor:} 11... Bxe3 12. Qxe3 Re8 13. f3 c6 14. O-O-O d5 {½-½ (30) Wang,H (2726)-Aronian,L (2816) Istanbul 2012}) 12. Bxb6 $1 Qxb6 13. O-O-O Re8 14. f3 d5 15. exd5 Nxd5 16. Nxd5 cxd5 17. Qxd5 Be6 18. Qd4 Qc7 19. Qc3 Qe7 20. Bd3 Rac8 $132 {[%mdl 2048] Black is not keeping still} 21. Qd4 Bxb3 $1 {[#] Hoping for ...Qc7.} 22. Rhe1 Be6 23. f4 {[%cal Bf3f4,Bf4f5][%mdl 32]} Qc5 (23... g6 {looks sharper.} 24. g4 Red8 25. Qe4 Qc7 26. f5 Bb3) 24. Qxc5 Rxc5 25. b4 (25. f5 $5 Bd7 26. Rxe8+ Bxe8 27. Be4 $11) 25... Rc7 26. f5 {[#] And now Bb5 would win.} Bd7 27. Rxe8+ Bxe8 28. Kd2 Kf8 29. g4 {Precision: White = 72%, Black = 67%.} 1/2-1/2

[Event "FIDE World Cup 2017"]
[Site "Tbilisi"]
[Date "2017.09.03"]
[Round "1.1"]
[White "Antipov, Mikhail Al"]
[Black "Tomashevsky, Evgeny"]
[Result "1/2-1/2"]
[WhiteElo "2578"]
[BlackElo "2710"]
[Annotator "TA"]
[PlyCount "30"]
[EventDate "2017.??.??"]
[EventType "k.o."]
[EventCountry "GEO"]
[SourceTitle "playchess.com"]
[Source "ChessBase"]
[SourceQuality "1"]

{[%evp 9,30,-1,0,8,0,-2,18,18,10,18,19,10,13,11,18,20,17,0,0,0,0,1,1]} 1. c4 e6 2. g3 d5 3. Bg2 dxc4 (3... Nf6 4. Nf3 Be7 5. O-O O-O 6. Qc2 b6 7. cxd5 Nxd5 8. Nc3 c6 9. Rd1 Bb7 10. d4 Nd7 11. e4 Nxc3 12. bxc3 Qc7 13. Bf4 Bd6 14. e5 {1-0 (47) Jobava,B (2714)-Short,N (2688) Helsingor 2017}) 4. Na3 Bxa3 5. Qa4+ Bd7 {The position is equal.} (5... Nc6 $5 6. bxa3 Nge7 $11) 6. Qxa3 {A13: English Opening: 1...e6} Bc6 7. Nf3 Nd7 $146 ({Predecessor:} 7... b5 8. O-O Ne7 9. d3 cxd3 10. Rd1 Be4 11. Bf4 {1-0 (35) Vlcek,S (2280)-Breder,D (2473) Austria 2016}) 8. Qc3 Ngf6 9. Qxc4 Ne5 10. Nxe5 Bxg2 11. Rg1 Bd5 12. Qa4+ Nd7 $1 13. g4 f6 14. Nxd7 Qxd7 15. Qxd7+ Kxd7 1/2-1/2

[Event "FIDE World Cup 2017"]
[Site "Tbilisi"]
[Date "2017.09.03"]
[Round "1.1"]
[White "Sadorra, Julio Catalino"]
[Black "Matlakov, Maxim"]
[Result "0-1"]
[WhiteElo "2574"]
[BlackElo "2728"]
[Annotator "TA"]
[PlyCount "94"]
[EventDate "2017.??.??"]
[EventType "k.o."]
[EventCountry "GEO"]
[SourceTitle "playchess.com"]
[Source "ChessBase"]
[SourceQuality "1"]

{[%evp 17,94,22,29,-15,-22,-46,-31,-35,0,0,0,0,0,0,9,0,15,0,0,0,0,0,61,0,0,0,8,0,0,0,0,-48,0,-31,-21,-103,-94,-109,-67,-67,-19,-26,-22,-58,-56,-56,-64,-60,-56,-62,-67,-56,-58,-179,-179,-182,-175,-235,-222,-202,-207,-209,-194,-334,-334,-334,-334,-313,-301,-399,-389,-5187,-5125,-5122,-5122,-5122,-5110,-5089,-3879]} 1. d4 Nf6 2. c4 e6 3. Nc3 Bb4 4. Qc2 d5 5. cxd5 exd5 6. Bg5 {[%cal Bc1g5,Bg5h4,Bh4g3][%mdl 32]} h6 7. Bh4 g5 {E35: Nimzo-Indian: Classical: 4...d5 5 cxd5 exd5} (7... c5 8. dxc5 O-O 9. e3 Be6 10. Nf3 Nbd7 11. a3 Bxc3+ 12. Qxc3 g5 13. Bg3 Ne4 14. Qc2 Ndxc5 15. Nd4 Rc8 {1-0 (41) Kasparov,G (2812)-Le,Q (2739) Saint Louis 2017}) 8. Bg3 Nc6 9. e3 h5 {LiveBook: 14 Games. The position is equal.} 10. Be5 $146 ({Find the theoretical novelty and annotate with similar games:} 10. h4 Ne4 11. Nge2 Nxg3 12. Nxg3 Bg4 13. hxg5 Qxg5 14. Be2 O-O-O 15. O-O-O Bxc3 16. Bxg4+ hxg4 17. Qxc3 {½-½ (27) Gagunashvili,M (2569)-Grandelius,N (2649) Gjakova 2016}) 10... Bxc3+ 11. bxc3 Nxe5 12. dxe5 Nd7 13. f4 gxf4 14. exf4 Nc5 15. Nf3 Bg4 16. Nd4 c6 17. Bd3 Qh4+ 18. g3 Nxd3+ 19. Qxd3 Qe7 (19... Qh3 $11) 20. h3 ({White should try} 20. Rb1 $1 $14) 20... Bd7 $11 21. Rb1 b6 22. Kf2 Qa3 $1 23. Qc2 O-O-O 24. Rb3 Qa6 25. Rhb1 Kb8 26. Kg2 (26. Kg1 $11) 26... c5 $17 27. Nb5 Bxb5 28. Rxb5 d4 29. cxd4 Qb7+ 30. Kf2 Rxd4 {[#] aiming for ...Rhd8.} 31. Qxc5 $1 Rd2+ $1 32. Ke1 Rc8 $1 {[%cal Rc8c5]} (32... bxc5 $2 {perishes.} 33. Rxb7+ Ka8 34. Kxd2 $18) 33. Qxc8+ $1 Kxc8 34. Kxd2 $15 {[%mdl 4096] Endgame KQ-KRR} Qg2+ 35. Ke3 (35. Kd1 $15) 35... Qxg3+ $19 36. Ke4 Qg2+ 37. Ke3 (37. Kd4 $142) 37... Qxh3+ 38. Ke4 Qg2+ 39. Ke3 Qxa2 40. f5 (40. R5b2 {is a better defense.} Qa3+ 41. Rb3 Qc5+ 42. Ke4) 40... Qc2 41. e6 fxe6 42. fxe6 Qg6 43. Rc1+ Kb7 {[#] Strongly threatening ...Qh6+.} 44. Re5 $2 (44. e7 Qh6+ 45. Ke2 Qe6+ 46. Kf1 Qf6+ 47. Kg2 Qxe7 48. Rf5) 44... Qh6+ {Black is clearly winning.} 45. Kd3 Qxc1 46. e7 Qd1+ 47. Ke3 Qb3+ {Precision: White = 47%, Black = 79%.} 0-1

[Event "FIDE World Cup 2017"]
[Site "Tbilisi"]
[Date "2017.09.03"]
[Round "1.1"]
[White "Bacallao Alonso, Yusnel"]
[Black "Fedoseev, Vladimir"]
[Result "1-0"]
[WhiteElo "2573"]
[BlackElo "2731"]
[Annotator "TA"]
[PlyCount "71"]
[EventDate "2017.??.??"]
[EventType "k.o."]
[EventCountry "GEO"]
[SourceTitle "playchess.com"]
[Source "ChessBase"]
[SourceQuality "1"]

{[%evp 18,71,13,16,52,54,56,45,58,61,55,56,73,78,83,46,108,0,154,137,145,133,151,134,202,212,219,213,204,155,300,306,287,224,538,490,668,751,717,713,1526,1522,1505,1070,1053,995,981,918,2548,2546,1719,1471,5186,4694,12830,5186]} 1. e4 c6 2. Nc3 d5 3. Nf3 Nf6 4. e5 Ne4 5. Ne2 Qb6 6. d4 {B11: Caro-Kann: Two Knights Variation} e6 7. Ng3 c5 8. c3 (8. Bd3 Nc6 9. Nxe4 dxe4 10. Bxe4 cxd4 11. O-O Bd7 12. a3 h6 13. Re1 {1-0 (71) Short,N (2675)-Caruana,F (2827) Caleta 2017}) 8... Nc6 9. Bd3 Nxg3 10. hxg3 {LiveBook: 12 Games} Bd7 {[%cal Rc5d4]} 11. dxc5 $146 ({Predecessor:} 11. Kf1 cxd4 12. cxd4 h6 13. g4 {½-½ (43) Bures,J (2376)-Hoefelsauer,T (2342) Olomouc 2016}) 11... Bxc5 12. Qe2 a5 13. Rh4 h6 14. Rb1 Rf8 15. Kf1 Be7 16. Be3 Bc5 (16... Qc7 $14) 17. Bc1 (17. Bxc5 $16 Qxc5 18. Qd2) 17... f5 $2 (17... Be7 $1 $11) 18. exf6 $16 Rxf6 {[#]} 19. b4 $1 {[%cal Rb4c5]} axb4 20. cxb4 {[%cal Bc3b4,Bb4b5][%mdl 32]} Bd6 (20... Be7 $16 {was necessary.}) 21. Be3 $18 {[%cal Bc1e3,Be3d4,Bd4f6,Bf6c3,Bc3g7][%mdl 32]} Qc7 22. b5 Ne5 23. Bd4 Nxd3 (23... Nxf3 $16 24. gxf3 (24. Bxf6 Nxh4 25. b6 Qb8 $11) 24... Qd8) 24. Bxf6 Nc1 25. Qe3 Ba3 $2 {[#]} (25... Ra3 {is more resistant.} 26. b6 (26. Rxc1 Rxe3 27. Rxc7 Bxb5+ 28. Kg1 Bxc7 $16) (26. Qxc1 Qxc1+ 27. Rxc1 gxf6 $16) 26... Qc6 27. Qxc1 Qxc1+ 28. Rxc1 gxf6 29. Rxh6 Rxa2 30. Rxf6 Ra6) 26. Bc3 {White is clearly winning.} Nxa2 27. Bxg7 Qc2 28. Re1 Bc1 29. Qb6 Qg6 30. Qxb7 Rd8 31. Qxd5 Qxg7 32. Qxa2 Rc8 33. Rxe6+ Kf8 34. Re1 Bxb5+ 35. Kg1 Bd7 36. Rc4 {Precision: White = 83%, Black = 12%.} 1-0